Cultura general por letra - L - Estadísticas

Estadísticas generales
  • Esta prueba ha sido intentada 4.662 veces
  • La puntuación promedio es 14 de 20
Estadísticas de respuestas
Pista Respuesta % Correcto
Lugar donde se compran libros Librería
98%
Capital del Reino Unido Londres
97%
Museo francés que alberga la pintura "La Mona Lisa" Louvre
92%
Marca italiana de automóviles superdeportivos Lamborghini
90%
Red social que sirve para la búsqueda de empleos LinkedIn
89%
Marca de jeans, inventora de la tela de mezclilla Levi's
88%
Equipo profesional de baloncesto con sede en Los Ángeles Lakers
85%
Apodo de la Princesa de Gales, fallecida en 1997 en un accidente en París Lady Di
81%
Ciudad de donde son originarios The Beatles Liverpool
77%
Empresa francesa, líder de cosméticos y cuidado personal L'Oréal
76%
Animal nativo de Sudamérica, pariente del camello Llama
70%
Cantante estadounidense famosa, cuyo nombre real es Stefani Germanotta Lady Gaga
66%
Rey francés que gobernaba cuando estalló la Revolución Francesa Luis XVI
64%
Empresa juguetera de origen danés, cuyo nombre significa "jugar bien" LEGO
60%
Extensión de terreno plano con ligeras ondulaciones Llanura
59%
Región al norte de Italia, cuya capital es Milán Lombardía
55%
Cantante mexicano, conocido como "El Sol de México" Luis Miguel
53%
Ciudad más poblada de Nigeria Lagos
45%
El nombre del esqueleto de australopitecos más antiguo que se tiene registro Lucy
36%
Tercer libro de la Biblia Levítico
31%
No se encontraron pruebas coincidentes
Distribución de puntuación
Porcentaje de gente con cada puntuación
Porcentaje por número respondido
Historial de tus puntuaciones
No has intentado esta prueba.